[Event "Offene Bochumer StEM 2015"]
[Site "?"]
[Date "2015.11.03"]
[Round "1.1"]
[White "Koch, Guido"]
[Black "Quast, Marcel"]
[Result "0-1"]
[WhiteElo "1649"]
[BlackElo "2170"]
[PlyCount "52"]
[EventDate "2015.??.??"]
[WhiteTeam "SV Wattenscheid"]
[BlackTeam "SC Gerthe-Werne"]

1. e4 Nf6 2. d3 e5 3. Nf3 Nc6 4. c3 d5 5. Nbd2 Be7 6. Be2 O-O 7. O-O h6 8. Qe1
Be6 9. Bd1 dxe4 10. dxe4 Nd7 11. Bb3 Bxb3 12. Nxb3 a5 13. Be3 a4 14. Nc1 Bc5
15. a3 Qe7 16. Na2 Na5 17. Qe2 Qe6 18. Rad1 Qxa2 19. Rxd7 Bd6 20. Nxe5 Bxe5 21.
f4 Bxc3 22. f5 Qxb2 23. Qg4 Nc4 24. f6 Bxf6 25. Bc1 Qb6+ 26. Kh1 Ne5 0-1

[Event "Offene Bochumer StEM 2015"]
[Site "?"]
[Date "2015.11.03"]
[Round "1.2"]
[White "Winterkamp, Sascha"]
[Black "Benning, Martin"]
[Result "1-0"]
[WhiteElo "2018"]
[BlackElo "1519"]
[PlyCount "91"]
[EventDate "2015.??.??"]
[WhiteTeam "SV Unser Fritz"]
[BlackTeam "SG Bochum"]

1. d4 Nf6 2. Nf3 g6 3. c4 Bg7 4. Nc3 d6 5. e4 O-O 6. Be2 e5 7. O-O Nc6 8. d5
Ne7 9. b4 Nh5 10. g3 f5 11. Ng5 Nf6 12. Bf3 fxe4 13. Ncxe4 Nxe4 14. Bxe4 Rf6
15. Qb3 Nf5 16. Ne6 Bxe6 17. dxe6 Nd4 18. Qd1 Nxe6 19. Bxb7 Rb8 20. Bd5 Kh8 21.
Qg4 Qe8 22. b5 Rf5 23. Be3 Qe7 24. Bxa7 Rbf8 25. Be3 Ng5 26. Bxg5 Rxg5 27. Qe6
Qd8 28. Be4 Rf6 29. Qd5 h5 30. Qa8 Qxa8 31. Bxa8 h4 32. Bd5 Rg4 33. a4 Rf8 34.
Ra2 e4 35. h3 Rg5 36. g4 Re5 37. Re1 Rf4 38. a5 Re8 39. a6 Bd4 40. a7 Rxf2 41.
Rxf2 Bxa7 42. Kg2 Bxf2 43. Kxf2 e3+ 44. Rxe3 Rxe3 45. Kxe3 Kg7 46. g5 1-0

[Event "Offene Bochumer StEM 2015"]
[Site "?"]
[Date "2015.11.03"]
[Round "1.3"]
[White "Radzik, Thomas"]
[Black "Hahn, Matthias"]
[Result "0-1"]
[WhiteElo "1476"]
[BlackElo "2003"]
[PlyCount "52"]
[EventDate "2015.??.??"]
[WhiteTeam "SG Bochum"]
[BlackTeam "SV Linden"]

1. e4 c5 2. Nf3 Nc6 3. d4 cxd4 4. Nxd4 Nf6 5. Nc3 e5 6. Nf3 Bb4 7. Bd2 Bxc3 8.
Bxc3 Nxe4 9. Bc4 Nxc3 10. bxc3 O-O 11. O-O d6 12. h3 Qf6 13. Bd5 Bf5 14. Rb1
Rab8 15. a4 Na5 16. Qd2 h6 17. Rb5 b6 18. Kh1 Rbc8 19. Rb4 Rc5 20. g4 Be6 21.
Be4 d5 22. g5 hxg5 23. Bh7+ Kxh7 24. Nxg5+ Kg8 25. Rh4 Rc4 26. Qd3 Bf5 0-1

[Event "Offene Bochumer StEM 2015"]
[Site "?"]
[Date "2015.11.03"]
[Round "1.4"]
[White "Freisen, Thomas"]
[Black "Kuemmel, Hans-Juergen"]
[Result "1-0"]
[WhiteElo "1955"]
[BlackElo "1356"]
[PlyCount "37"]
[EventDate "2015.??.??"]
[WhiteTeam "SV Günnigfeld"]
[BlackTeam "SG Höntrop"]

1. c4 c5 2. Nf3 Nf6 3. d4 e6 4. Nc3 cxd4 5. Nxd4 d5 6. g3 Nc6 7. Bg2 Nxd4 8.
Qxd4 dxc4 9. Qxc4 Be7 10. O-O O-O 11. Rd1 Qa5 12. Qb5 Qxb5 13. Nxb5 Rd8 14. Be3
Rxd1+ 15. Rxd1 Bd7 16. Nxa7 Bc6 17. Bxc6 bxc6 18. Nxc6 Bf8 19. Rd8 1-0

[Event "Offene Bochumer StEM 2015"]
[Site "?"]
[Date "2015.11.03"]
[Round "1.5"]
[White "Schmidt, Ralph"]
[Black "Kalkowski, Peter"]
[Result "1-0"]
[WhiteElo "1925"]
[BlackElo "1473"]
[PlyCount "58"]
[EventDate "2015.??.??"]
[WhiteTeam "SV Linden"]
[BlackTeam "SV Günnigfeld"]

1. e4 e6 2. Nc3 d6 3. d4 Be7 4. Bd3 Nc6 5. Nge2 a6 6. a3 Nf6 7. O-O b6 8. f3
Bb7 9. Be3 Nd7 10. Ng3 Na7 11. Nce2 c5 12. d5 exd5 13. exd5 Ne5 14. Be4 Bf6 15.
Rb1 Nb5 16. Nh5 Qe7 17. a4 Nc7 18. b4 Bc8 19. bxc5 bxc5 20. Bxc5 g6 21. Nxf6+
Qxf6 22. Rb6 Qh4 23. Bxd6 Nc4 24. Bg3 Qd8 25. Rc6 Ne3 26. Qd4 Ncxd5 27. Qxh8+
Ke7 28. Qxd8+ Kxd8 29. Bxd5 Nxd5 1-0

[Event "Offene Bochumer StEM 2015"]
[Site "?"]
[Date "2015.11.03"]
[Round "1.6"]
[White "Gausmann, Thomas"]
[Black "Radi, Guenter"]
[Result "0-1"]
[WhiteElo "1399"]
[BlackElo "1885"]
[PlyCount "52"]
[EventDate "2015.??.??"]
[WhiteTeam "SG Bochum"]
[BlackTeam "SV Günnigfeld"]

1. e4 e6 2. Nf3 d5 3. exd5 exd5 4. d4 Nf6 5. Bd3 Bg4 6. h3 Bh5 7. O-O Nbd7 8.
Re1+ Be7 9. Qe2 Bxf3 10. Qxf3 O-O 11. Nc3 c6 12. Bd2 Bd6 13. Re3 Qb6 14. Rb1
Qxd4 15. Ne2 Qb6 16. Ng3 Ne5 17. Qf5 Nxd3 18. Qxd3 Rae8 19. Bc3 Rxe3 20. fxe3
Bxg3 21. Bd4 Qc7 22. Bxf6 gxf6 23. Rf1 Qe5 24. Rf3 Bh4 25. Rf4 Bg5 26. Rg4 h5
0-1

[Event "Offene Bochumer StEM 2015"]
[Site "?"]
[Date "2015.11.03"]
[Round "1.7"]
[White "Kuekenbrink, Christopher"]
[Black "Mai, Michael"]
[Result "1-0"]
[WhiteElo "1793"]
[BlackElo "1399"]
[PlyCount "51"]
[EventDate "2015.??.??"]
[WhiteTeam "SV Günnigfeld"]
[BlackTeam "SV Günnigfeld"]

1. e4 c5 2. Nf3 d6 3. d4 cxd4 4. Nxd4 Nc6 5. Nc3 g6 6. g3 Bg7 7. Nde2 Bg4 8.
Bg2 Bxe2 9. Nxe2 e6 10. O-O Nge7 11. c3 O-O 12. Bf4 Ne5 13. Nd4 Rc8 14. Nb5 Qb6
15. a4 a6 16. Be3 Qa5 17. Nxd6 Rb8 18. f4 Nd7 19. e5 Rfd8 20. Ba7 Nxe5 21. Bxb8
Qc5+ 22. Kh1 Ng4 23. Qxg4 Rxb8 24. Rad1 Nd5 25. Bxd5 exd5 26. Qd7 1-0

[Event "Offene Bochumer StEM 2015"]
[Site "?"]
[Date "2015.11.03"]
[Round "1.8"]
[White "Wesener, Rainer"]
[Black "Funke, Eckhard"]
[Result "1/2-1/2"]
[WhiteElo "1775"]
[BlackElo "1757"]
[PlyCount "105"]
[EventDate "2015.??.??"]
[WhiteTeam "SG Winz-Baak"]
[BlackTeam "SG Höntrop"]

1. d4 Nf6 2. c4 e5 3. dxe5 Ng4 4. Bf4 Bb4+ 5. Nd2 Nc6 6. Ngf3 Qe7 7. e3 Ngxe5
8. Nxe5 Nxe5 9. Be2 O-O 10. O-O Ng6 11. Bg3 d6 12. a3 Ba5 13. Rc1 Bb6 14. Nb1
Nh4 15. Nc3 Be6 16. Nd5 Bxd5 17. Qxd5 Ng6 18. Rfe1 Rab8 19. b4 Rfd8 20. Qh5 a5
21. bxa5 Bc5 22. a4 Ra8 23. Bd3 Rxa5 24. Qd1 Ne5 25. Bxe5 Qxe5 26. Qc2 g6 27.
Rb1 b6 28. Be4 Qe8 29. Rb5 Ra7 30. Ra1 c6 31. Rbb1 d5 32. cxd5 cxd5 33. Bf3 d4
34. exd4 Bxd4 35. Ra2 Re7 36. g3 Rc8 37. Qd3 Re1+ 38. Rxe1 Qxe1+ 39. Kg2 Rc1
40. Qe2 Qg1+ 41. Kh3 Rf1 42. Bg2 Rxf2 43. Qe8+ Kg7 44. Rxf2 Qxf2 45. Qe4 Qb2
46. Qd5 Qd2 47. Qe4 h5 48. Qf4 Qb2 49. Bd5 Bf6 50. Qc7 Kh6 51. Qxf7 Qe5 52. Qe6
Qg5 53. Qe4 1/2-1/2

[Event "Offene Bochumer StEM 2015"]
[Site "?"]
[Date "2015.11.10"]
[Round "2.1"]
[White "Quast, Marcel"]
[Black "Schmidt, Ralph"]
[Result "1-0"]
[WhiteElo "2170"]
[BlackElo "1925"]
[PlyCount "67"]
[EventDate "2015.??.??"]
[WhiteTeam "SC Gerthe-Werne"]
[BlackTeam "SV Linden"]

1. Nf3 Nf6 2. g3 d5 3. Bg2 e6 4. O-O Bd6 5. d4 O-O 6. c4 c5 7. cxd5 Nxd5 8. e4
Nc7 9. d5 e5 10. Nfd2 f5 11. f3 Nb5 12. a4 Nd4 13. Nc4 Na6 14. Nba3 fxe4 15.
fxe4 Rxf1+ 16. Bxf1 Nb4 17. Nb5 Bf8 18. Nxd4 cxd4 19. Bd2 Qf6 20. Qh5 Nxd5 21.
exd5 e4 22. Bg2 Bf5 23. Rf1 g6 24. Qg5 Qg7 25. g4 e3 26. gxf5 e2 27. Re1 d3 28.
Qe3 Re8 29. Qxe8 Qd4+ 30. Ne3 Qxb2 31. Qe6+ Kg7 32. f6+ Kh8 33. Qf7 Bh6 34.
Qe8+ 1-0

[Event "Offene Bochumer StEM 2015"]
[Site "?"]
[Date "2015.11.10"]
[Round "2.3"]
[White "Hahn, Matthias"]
[Black "Kuekenbrink, Christopher"]
[Result "1/2-1/2"]
[WhiteElo "2003"]
[BlackElo "1793"]
[PlyCount "56"]
[EventDate "2015.??.??"]
[WhiteTeam "SV Linden"]
[BlackTeam "SV Günnigfeld"]

1. d4 Nf6 2. c4 g6 3. Nc3 Bg7 4. Nf3 O-O 5. g3 d6 6. Bg2 Nbd7 7. O-O e5 8. e4
a6 9. h3 b5 10. dxe5 dxe5 11. cxb5 axb5 12. b4 Qe7 13. a3 Nb6 14. Re1 c6 15.
Qc2 Nc4 16. Nd2 Be6 17. Bf1 Nb6 18. Nb3 Bc4 19. Bg2 Rfd8 20. Nc5 Rab8 21. Be3
Nfd7 22. a4 Nxc5 23. Bxc5 Qe6 24. axb5 Bxb5 25. Nxb5 cxb5 26. Ra6 Qc4 27. Qxc4
Nxc4 28. Bf1 Nd2 1/2-1/2

[Event "Offene Bochumer StEM 2015"]
[Site "?"]
[Date "2015.11.10"]
[Round "2.4"]
[White "Freisen, Thomas"]
[Black "Blome, Simon"]
[Result "1-0"]
[WhiteElo "1955"]
[BlackElo "1671"]
[PlyCount "121"]
[EventDate "2015.??.??"]
[WhiteTeam "SV Günnigfeld"]
[BlackTeam "SG Bochum"]

1. c4 e5 2. g3 Nf6 3. Bg2 g6 4. Nc3 Bg7 5. Nf3 Nc6 6. O-O O-O 7. d4 exd4 8.
Nxd4 Re8 9. Nxc6 bxc6 10. Bg5 h6 11. Bf4 Bb7 12. Rc1 g5 13. Be3 d6 14. Qd3 Ng4
15. Bd4 Ne5 16. Bxe5 Bxe5 17. Rfd1 a5 18. b3 Qe7 19. e3 Rad8 20. Ne2 Ra8 21.
Qc2 Ra7 22. c5 d5 23. Nd4 Qf6 24. Bh3 Bc8 25. Bxc8 Rxc8 26. Qf5 Re8 27. Qxf6
Bxf6 28. Nxc6 Ra6 29. Nd4 Bxd4 30. Rxd4 c6 31. Ra4 Rb8 32. e4 dxe4 33. Rxe4 Kg7
34. Rcc4 Ra7 35. Ra4 Kg6 36. Red4 Ra6 37. Kf1 h5 38. h4 Rb5 39. b4 f6 40. Ke2
Ra7 41. Kd3 Kf5 42. a3 Ra8 43. Kc4 Ra6 44. f3 gxh4 45. Rxh4 Kg5 46. Rd4 Kf5 47.
Rd6 Rb8 48. g4+ hxg4 49. fxg4+ Ke5 50. Rxa5 Rxa5 51. bxa5 Rb5 52. Rxc6 Rxa5 53.
Kb4 Ra8 54. a4 Rg8 55. a5 Rxg4+ 56. Kb5 f5 57. a6 Rg1 58. a7 Rb1+ 59. Ka6 f4
60. a8=Q Ra1+ 61. Kb7 1-0

[Event "Offene Bochumer StEM 2015"]
[Site "?"]
[Date "2015.11.10"]
[Round "2.5"]
[White "Benning, Martin"]
[Black "Wesener, Rainer"]
[Result "1/2-1/2"]
[WhiteElo "1519"]
[BlackElo "1775"]
[PlyCount "63"]
[EventDate "2015.??.??"]
[WhiteTeam "SG Bochum"]
[BlackTeam "SG Winz-Baak"]

1. e3 c5 2. c4 g6 3. d4 Nf6 4. Nf3 Bg7 5. Bd3 O-O 6. O-O cxd4 7. exd4 d5 8. c5
Nc6 9. Be3 Bg4 10. a3 a5 11. Nbd2 e5 12. dxe5 Nxe5 13. Be2 Nc6 14. Nd4 Bxe2 15.
Qxe2 Re8 16. Qb5 Qd7 17. N2f3 Re4 18. Nxc6 bxc6 19. Qd3 Rb8 20. Bd4 Qc7 21. Qc3
Ne8 22. Rfe1 Bxd4 23. Nxd4 Rxe1+ 24. Rxe1 Ng7 25. g3 Re8 26. Rxe8+ Nxe8 27. Nf3
f6 28. Nd4 Kf7 29. Qe1 Ng7 30. f4 Qa7 31. Qc3 Qc7 32. Qe1 1/2-1/2

[Event "Offene Bochumer StEM 2015"]
[Site "?"]
[Date "2015.11.10"]
[Round "2.6"]
[White "Funke, Eckhard"]
[Black "Koch, Guido"]
[Result "1-0"]
[WhiteElo "1757"]
[BlackElo "1649"]
[PlyCount "71"]
[EventDate "2015.??.??"]
[WhiteTeam "SG Höntrop"]
[BlackTeam "SV Wattenscheid"]

1. d4 d5 2. c4 e6 3. Nc3 Nf6 4. cxd5 exd5 5. Bg5 Be7 6. e3 O-O 7. Qc2 Re8 8.
Bd3 g6 9. Nf3 Nbd7 10. O-O Nf8 11. Rab1 Ne6 12. Bxf6 Bxf6 13. b4 Ng7 14. b5 Nh5
15. Rfc1 Be6 16. Na4 Be7 17. Qxc7 Bd6 18. Qxd8 Rexd8 19. Nc5 Bxc5 20. Rxc5 Rac8
21. Rbc1 Nf6 22. a4 Ne4 23. Rxc8 Rxc8 24. Rxc8+ Bxc8 25. Bxe4 dxe4 26. Nd2 f5
27. f3 exf3 28. gxf3 Be6 29. Kf2 g5 30. e4 f4 31. d5 Bh3 32. Nc4 Kf8 33. a5 Ke7
34. b6 a6 35. e5 Bf5 36. Nd6 1-0

[Event "Offene Bochumer StEM 2015"]
[Site "?"]
[Date "2015.11.10"]
[Round "2.7"]
[White "Mai, Michael"]
[Black "Radzik, Thomas"]
[Result "0-1"]
[WhiteElo "1399"]
[BlackElo "1476"]
[PlyCount "70"]
[EventDate "2015.??.??"]
[WhiteTeam "SV Günnigfeld"]
[BlackTeam "SG Bochum"]

1. d4 d5 2. c4 e6 3. Nc3 Nf6 4. Bg5 Be7 5. Nf3 O-O 6. e3 b6 7. cxd5 exd5 8. Be2
Bb7 9. O-O Nbd7 10. Rc1 Rc8 11. Qd3 h6 12. Bxf6 Nxf6 13. Rc2 c5 14. Rfc1 c4 15.
Qd1 Bd6 16. Nd2 Bc6 17. Bf3 Qc7 18. g3 Rfe8 19. a4 a6 20. b3 b5 21. bxc4 bxc4
22. Rb1 Rb8 23. Rcb2 Rxb2 24. Rxb2 Qd7 25. a5 Bc7 26. Qa1 Rb8 27. Rxb8+ Bxb8
28. Na4 Bxa4 29. Qb2 Bb5 30. Nb1 Qf5 31. Kg2 g5 32. Nc3 g4 33. Bd1 Ne4 34. Nxb5
axb5 35. Qxb5 Qxf2+ 0-1

[Event "Offene Bochumer StEM 2015"]
[Site "?"]
[Date "2015.11.10"]
[Round "2.8"]
[White "Kalkowski, Peter"]
[Black "Kuemmel, Hans-Juergen"]
[Result "1/2-1/2"]
[WhiteElo "1473"]
[BlackElo "1356"]
[PlyCount "66"]
[EventDate "2015.??.??"]
[WhiteTeam "SV Günnigfeld"]
[BlackTeam "SG Höntrop"]

1. d4 d5 2. Nf3 Nf6 3. Bf4 c6 4. h3 e6 5. e3 Bd6 6. Bxd6 Qxd6 7. c3 h6 8. Bd3
Nbd7 9. O-O O-O 10. Re1 Re8 11. Nbd2 b6 12. Qc2 Bb7 13. Rad1 c5 14. Bf1 c4 15.
g3 b5 16. Bg2 Qe7 17. Rc1 Rab8 18. a3 a6 19. Ra1 Ba8 20. Kh2 Nb6 21. Ne5 Nc8
22. Qd1 Nd6 23. Qc2 Nde4 24. Nxe4 dxe4 25. Ng4 Nxg4+ 26. hxg4 Qg5 27. Bh3 Qf6
28. Qe2 Bd5 29. Rh1 g6 30. Kg1 g5 31. Bg2 Kg7 32. Qc2 Qg6 33. Qe2 Rf8 1/2-1/2

[Event "Offene Bochumer StEM 2015"]
[Site "?"]
[Date "2015.11.17"]
[Round "3.1"]
[White "Quast, Marcel"]
[Black "Freisen, Thomas"]
[Result "1-0"]
[WhiteElo "2170"]
[BlackElo "1955"]
[PlyCount "61"]
[EventDate "2015.??.??"]
[WhiteTeam "SC Gerthe-Werne"]
[BlackTeam "SV Günnigfeld"]

1. e4 e5 2. Nf3 Nc6 3. Bc4 Bc5 4. b4 Bxb4 5. c3 Ba5 6. d4 d6 7. Qb3 Qd7 8. dxe5
Bb6 9. Nbd2 Na5 10. Qc2 Nxc4 11. Nxc4 Bc5 12. exd6 Bxd6 13. Nxd6+ Qxd6 14. O-O
Bg4 15. Nd4 a6 16. f3 Be6 17. Rd1 Qe7 18. a4 f6 19. Ba3 Qf7 20. Rab1 b6 21. a5
b5 22. Nc6 Bd7 23. Nb4 Ne7 24. Qf2 Qc4 25. Rd4 Qe6 26. Nd3 Qc6 27. Rd1 Be6 28.
Nb4 Qb7 29. Nd5 Bxd5 30. exd5 Kf7 31. Qe3 1-0

[Event "Offene Bochumer StEM 2015"]
[Site "?"]
[Date "2015.11.17"]
[Round "3.2"]
[White "Schmidt, Ralph"]
[Black "Radi, Guenter"]
[Result "1-0"]
[WhiteElo "1925"]
[BlackElo "1885"]
[PlyCount "27"]
[EventDate "2015.??.??"]
[WhiteTeam "SV Linden"]
[BlackTeam "SV Günnigfeld"]

1. e4 c5 2. Nc3 Nc6 3. d3 g6 4. Be3 d6 5. d4 cxd4 6. Bxd4 Nxd4 7. Qxd4 Nf6 8.
e5 dxe5 9. Bb5+ Bd7 10. Qxe5 Bxb5 11. Nxb5 Rc8 12. Rd1 Qb6 13. Nd6+ Kd7 14.
Nc4+ 1-0

[Event "Offene Bochumer StEM 2015"]
[Site "?"]
[Date "2015.11.17"]
[Round "3.3"]
[White "Kuekenbrink, Christopher"]
[Black "Funke, Eckhard"]
[Result "0-1"]
[WhiteElo "1793"]
[BlackElo "1757"]
[PlyCount "42"]
[EventDate "2015.??.??"]
[WhiteTeam "SV Günnigfeld"]
[BlackTeam "SG Höntrop"]

1. Nc3 d5 2. e4 dxe4 3. Nxe4 e6 4. d4 Be7 5. Nf3 Nf6 6. Bd3 O-O 7. O-O Nbd7 8.
Qe2 c5 9. dxc5 Nxc5 10. Nxc5 Bxc5 11. Rd1 Qb6 12. Ne5 h6 13. c3 Qc7 14. Bf4 Bd6
15. Rd2 Nd7 16. Nxd7 Bxf4 17. Nxf8 Bxd2 18. Nxe6 Bxe6 19. Qxd2 Rd8 20. Rd1 Qd7
21. Qc2 Bf5 0-1

[Event "Offene Bochumer StEM 2015"]
[Site "?"]
[Date "2015.11.17"]
[Round "3.4"]
[White "Wesener, Rainer"]
[Black "Hahn, Matthias"]
[Result "0-1"]
[WhiteElo "1775"]
[BlackElo "2003"]
[PlyCount "60"]
[EventDate "2015.??.??"]
[WhiteTeam "SG Winz-Baak"]
[BlackTeam "SV Linden"]

1. d4 d5 2. c4 e6 3. Nc3 c5 4. cxd5 cxd4 5. Qxd4 Nc6 6. Qd1 exd5 7. e3 Nf6 8.
Nf3 Bd6 9. Be2 O-O 10. O-O a6 11. h3 Bc7 12. Re1 Qd6 13. Bf1 Re8 14. g3 h5 15.
Bg2 Bf5 16. Nh4 Be6 17. Nf3 Rad8 18. Ne2 Ne4 19. Nfd4 h4 20. Nxe6 Qxe6 21. Nf4
Qh6 22. Qg4 Nf6 23. Qd1 hxg3 24. fxg3 g5 25. Ne2 Ne4 26. g4 Qd6 27. Bd2 Re6 28.
Bc3 Qh2+ 29. Kf1 Nxc3 30. Nxc3 Rf6+ 0-1

[Event "Offene Bochumer StEM 2015"]
[Site "?"]
[Date "2015.11.17"]
[Round "3.6"]
[White "Blome, Simon"]
[Black "Kalkowski, Peter"]
[Result "1-0"]
[WhiteElo "1671"]
[BlackElo "1473"]
[PlyCount "49"]
[EventDate "2015.??.??"]
[WhiteTeam "SG Bochum"]
[BlackTeam "SV Günnigfeld"]

1. e4 e6 2. d4 d5 3. c4 dxe4 4. Nc3 Nf6 5. Be3 c6 6. g3 Bb4 7. Nge2 Nbd7 8. Bg2
O-O 9. a3 Be7 10. h3 b6 11. O-O Bb7 12. Qc2 h6 13. Rfd1 Qc8 14. Rac1 Ba6 15.
Nxe4 Nxe4 16. Qxe4 Rb8 17. Qxc6 Qxc6 18. Bxc6 Nf6 19. b4 Bb7 20. Bxb7 Rxb7 21.
c5 Nd5 22. Nc3 Rd8 23. c6 Nxc3 24. cxb7 Nxd1 25. Rc8 1-0

[Event "Offene Bochumer StEM 2015"]
[Site "?"]
[Date "2015.11.17"]
[Round "3.7"]
[White "Kuemmel, Hans-Juergen"]
[Black "Benning, Martin"]
[Result "0-1"]
[WhiteElo "1356"]
[BlackElo "1519"]
[PlyCount "116"]
[EventDate "2015.??.??"]
[WhiteTeam "SG Höntrop"]
[BlackTeam "SG Bochum"]

1. d4 Nf6 2. Bf4 e6 3. e3 c5 4. c3 Nc6 5. Nf3 d5 6. Nbd2 Bd6 7. Bxd6 Qxd6 8.
Be2 O-O 9. O-O b6 10. a3 e5 11. dxe5 Nxe5 12. Nxe5 Qxe5 13. Nf3 Qf5 14. Rc1 Bb7
15. Qc2 Ne4 16. Nh4 Qf6 17. Nf3 Rfe8 18. Bd3 c4 19. Bxe4 Rxe4 20. Rcd1 Rg4 21.
Rd4 Re4 22. Rxe4 dxe4 23. Nd4 Qg5 24. Qe2 Bd5 25. Kh1 a6 26. h3 f5 27. Rg1 f4
28. Kh2 Rf8 29. g4 f3 30. Qd2 Rf6 31. Rg3 Qe5 32. Qc2 b5 33. Qd2 h5 34. gxh5
Qxh5 35. Qe1 Rh6 36. Qg1 Qe5 37. Kh1 Bb7 38. Qh2 Qh5 39. Kg1 Bc8 40. Kf1 Bxh3+
41. Ke1 Bg2 42. Qxh5 Rxh5 43. Ne6 Kf7 44. Nf4 Rh1+ 45. Kd2 Rf1 46. Nxg2 Rxf2+
47. Ke1 Rxg2 48. Rxg2 fxg2 49. Kf2 g1=Q+ 50. Kxg1 a5 51. Kg2 Kf6 52. Kg3 g5 53.
Kg4 Kg6 54. Kg3 Kh5 55. Kh3 g4+ 56. Kg3 Kg5 57. Kf2 Kh4 58. Kg2 g3 0-1

[Event "Offene Bochumer StEM 2015"]
[Site "?"]
[Date "2015.11.17"]
[Round "3.8"]
[White "Koch, Guido"]
[Black "Mai, Michael"]
[Result "0-1"]
[WhiteElo "1649"]
[BlackElo "1399"]
[PlyCount "62"]
[EventDate "2015.??.??"]
[WhiteTeam "SV Wattenscheid"]
[BlackTeam "SV Günnigfeld"]

1. e4 c5 2. f4 d6 3. Nf3 e6 4. c3 Nf6 5. Bb5+ Nbd7 6. Qe2 a6 7. Ba4 b5 8. Bc2
Bb7 9. O-O Be7 10. d4 cxd4 11. cxd4 O-O 12. Nc3 Rc8 13. e5 dxe5 14. fxe5 Nd5
15. Nxd5 Bxd5 16. b3 Rc6 17. Bd3 Qc7 18. Be3 Rc8 19. Ng5 Bxg5 20. Bxg5 Nf8 21.
Qh5 Qa7 22. Be3 Rc3 23. Qe2 Qe7 24. a4 Bxb3 25. axb5 axb5 26. Bxb5 Rc2 27. Qg4
Ng6 28. h4 Qxh4 29. Qxh4 Nxh4 30. Bg5 Rxg2+ 31. Kh1 Rxg5 0-1

[Event "Offene Bochumer StEM 2015"]
[Site "?"]
[Date "2015.11.24"]
[Round "4.1"]
[White "Hahn, Matthias"]
[Black "Quast, Marcel"]
[Result "0-1"]
[WhiteElo "2003"]
[BlackElo "2170"]
[PlyCount "98"]
[EventDate "2015.??.??"]
[WhiteTeam "SV Linden"]
[BlackTeam "SC Gerthe-Werne"]

1. d4 g6 2. e4 Bg7 3. Nc3 d6 4. Be3 Nf6 5. Qd2 O-O 6. Nf3 c6 7. a4 Bg4 8. Be2
Nbd7 9. h3 Bxf3 10. Bxf3 e5 11. O-O a5 12. Rad1 Re8 13. Rfe1 Qc7 14. dxe5 dxe5
15. Bg4 Rad8 16. Bxd7 Nxd7 17. Qe2 Nf8 18. f3 Ne6 19. Qf2 Bf8 20. Kh1 Rxd1 21.
Rxd1 Rd8 22. Re1 Qe7 23. Bb6 Rd7 24. Na2 Qg5 25. Be3 Qd8 26. Nc1 Bb4 27. c3 Be7
28. Nb3 Bg5 29. g3 Bxe3 30. Qxe3 Rd3 31. Qf2 Ng5 32. Re3 Nxh3 33. Qe2 Rd1+ 34.
Kh2 Nf4 35. Qc2 Ne6 36. Kg2 Ng5 37. Re2 Qd7 38. g4 Ne6 39. Rd2 Nf4+ 40. Kh2
Rxd2+ 41. Qxd2 Qe7 42. Kg3 h5 43. gxh5 gxh5 44. Nxa5 Qc5 45. Nxb7 Qg1+ 46. Kh4
Qh1+ 47. Kg3 h4+ 48. Kg4 Qh3+ 49. Kg5 Kg7 0-1

[Event "Offene Bochumer StEM 2015"]
[Site "?"]
[Date "2015.11.24"]
[Round "4.2"]
[White "Funke, Eckhard"]
[Black "Schmidt, Ralph"]
[Result "0-1"]
[WhiteElo "1757"]
[BlackElo "1925"]
[PlyCount "58"]
[EventDate "2015.??.??"]
[WhiteTeam "SG Höntrop"]
[BlackTeam "SV Linden"]

1. d4 d6 2. c4 Nf6 3. Nc3 g6 4. e4 Bg7 5. h3 Nbd7 6. Nf3 O-O 7. Bg5 h6 8. Be3
e5 9. d5 b6 10. b4 Qe7 11. Qd2 Kh7 12. Be2 a5 13. b5 Nh5 14. Nh2 Nf4 15. Bf3 f5
16. g3 Nxh3 17. Nf1 f4 18. Rxh3 fxe3 19. Qxe3 Nc5 20. Rh2 Qf6 21. Nd2 h5 22.
Bd1 Bh6 23. Qe2 Bg4 24. Qf1 Qg5 25. f3 Qe3+ 26. Qe2 Qg1+ 27. Nf1 Rxf3 28. Qxf3
Bxf3 29. Bxf3 Rf8 0-1

[Event "Offene Bochumer StEM 2015"]
[Site "?"]
[Date "2015.11.24"]
[Round "4.4"]
[White "Radi, Guenter"]
[Black "Blome, Simon"]
[Result "1/2-1/2"]
[WhiteElo "1885"]
[BlackElo "1671"]
[PlyCount "90"]
[EventDate "2015.??.??"]
[WhiteTeam "SV Günnigfeld"]
[BlackTeam "SG Bochum"]

1. e4 e6 2. d4 d5 3. e5 c5 4. c3 Nc6 5. Nf3 Bd7 6. Be2 Nge7 7. Na3 cxd4 8. cxd4
Nf5 9. Nc2 Be7 10. O-O O-O 11. Bd3 f6 12. Bxf5 exf5 13. Re1 fxe5 14. dxe5 Be6
15. Nfd4 Qd7 16. Nxe6 Qxe6 17. f4 Rfd8 18. Qd3 Rac8 19. a3 Bc5+ 20. Be3 b6 21.
Rac1 g6 22. b4 Bxe3+ 23. Nxe3 Ne7 24. Red1 Kg7 25. Qa6 Rxc1 26. Rxc1 Rd7 27.
Qd3 d4 28. Nf1 Qd5 29. Nd2 a5 30. b5 Qe6 31. Qc4 Kf7 32. g3 Qd5 33. Kf2 Ke6 34.
a4 g5 35. Nf3 gxf4 36. gxf4 Qxc4 37. Rxc4 d3 38. Ke3 Nd5+ 39. Kd2 Nb4 40. Rc8
Kd5 41. Rb8 Ke4 42. Ne1 Kxf4 43. e6 Re7 44. Rxb6 Ke4 45. Rd6 f4 1/2-1/2

[Event "Offene Bochumer StEM 2015"]
[Site "?"]
[Date "2015.11.24"]
[Round "4.5"]
[White "Benning, Martin"]
[Black "Kuekenbrink, Christopher"]
[Result "0-1"]
[WhiteElo "1519"]
[BlackElo "1793"]
[PlyCount "98"]
[EventDate "2015.??.??"]
[WhiteTeam "SG Bochum"]
[BlackTeam "SV Günnigfeld"]

1. e3 Nf6 2. c4 g6 3. Nf3 Bg7 4. Nc3 O-O 5. d4 d6 6. Bd3 Nbd7 7. O-O e5 8. d5
a5 9. e4 Nc5 10. Bg5 Bg4 11. h3 Bd7 12. Bc2 Qe8 13. Qd2 a4 14. b4 axb3 15. axb3
Na6 16. Ra3 Nb4 17. Rfa1 Rxa3 18. Rxa3 Nxc2 19. Qxc2 Nh5 20. Qd2 f5 21. Bh6 Nf4
22. Bxg7 Kxg7 23. b4 g5 24. Ne2 h6 25. Ng3 fxe4 26. Nxe4 Qg6 27. Ng3 g4 28.
hxg4 Qxg4 29. Nh2 Qg6 30. Qe1 Nd3 31. Qe4 Nxf2 32. Qxg6+ Kxg6 33. Nf3 Ng4 34.
Nh4+ Kg5 35. Nf3+ Kg6 36. Nh4+ Kg5 37. Nf3+ Kf6 38. Ne4+ Ke7 39. Ra7 Rb8 40.
Nh4 Ne3 41. Nd2 Nc2 42. b5 Nb4 43. Ra3 Rg8 44. Rf3 Rg4 45. g3 Nc2 46. Kf2 e4
47. Nxe4 Rxe4 48. Ng6+ Kd8 49. Rf8+ Re8 0-1

[Event "Offene Bochumer StEM 2015"]
[Site "?"]
[Date "2015.11.24"]
[Round "4.6"]
[White "Mai, Michael"]
[Black "Wesener, Rainer"]
[Result "1/2-1/2"]
[WhiteElo "1399"]
[BlackElo "1775"]
[PlyCount "80"]
[EventDate "2015.??.??"]
[WhiteTeam "SV Günnigfeld"]
[BlackTeam "SG Winz-Baak"]

1. d4 Nf6 2. c4 c5 3. Nc3 cxd4 4. Qxd4 Nc6 5. Qd1 e6 6. Bg5 Be7 7. Nf3 O-O 8.
e3 h6 9. Bf4 d5 10. cxd5 Nxd5 11. Nxd5 exd5 12. Be2 Qa5+ 13. Nd2 Bb4 14. a3
Bxd2+ 15. Qxd2 Qxd2+ 16. Kxd2 d4 17. Rhd1 Be6 18. Ke1 g5 19. Bd6 Rfd8 20. Bc5
Bb3 21. Rd2 dxe3 22. Rxd8+ Rxd8 23. Bxe3 Nd4 24. Bxd4 Rxd4 25. Rc1 Rd7 26. Rc3
Ba4 27. Bg4 Re7+ 28. Kd2 Bc6 29. Bf3 Bxf3 30. Rxf3 Kg7 31. Rg3 f5 32. f4 g4 33.
h3 h5 34. h4 Kf6 35. Rb3 b6 36. g3 Re4 37. Rc3 a6 38. Kd3 Re6 39. Kc4 Rd6 40.
Re3 Rd2 1/2-1/2

[Event "Offene Bochumer StEM 2015"]
[Site "?"]
[Date "2015.11.24"]
[Round "4.7"]
[White "Gausmann, Thomas"]
[Black "Radzik, Thomas"]
[Result "1/2-1/2"]
[WhiteElo "1399"]
[BlackElo "1476"]
[PlyCount "49"]
[EventDate "2015.??.??"]
[WhiteTeam "SG Bochum"]
[BlackTeam "SG Bochum"]

1. e4 d6 2. d4 g6 3. Nf3 Bg7 4. Be3 Nf6 5. Nc3 O-O 6. Bc4 Bg4 7. Qd2 Nc6 8.
O-O-O a6 9. Bh6 Na5 10. Be2 Nc6 11. Bxg7 Kxg7 12. h3 Bxf3 13. Bxf3 e5 14. dxe5
Nxe5 15. Be2 b5 16. f4 Ned7 17. Bf3 Rb8 18. g4 b4 19. Na4 h6 20. h4 Nh7 21. Kb1
f6 22. f5 g5 23. hxg5 Nxg5 24. Bg2 Ne5 25. Qf4 1/2-1/2